Bulutlarla yarışan kadın : Halit Kıvanç, Sabiha Gökçen'le söyleşiyor = (Kayıt no. 10101)

MARC ayrıntıları
000 -BAŞLIK
Sabit Uzunluktaki Kontrol Alanı 00805nam a22002057a 4500
003 - KONTROL NUMARASI KİMLİĞİ
Kontrol Alanı KOHA_MİRAKIL
005 - EN SON İŞLEM TARİHİ ve ZAMANI
Kontrol Alanı 20260330132254.0
008 - SABİT UZUNLUKTAKİ VERİ ÖGELERİ - GENEL BİLGİ
Sabit Alan 260330b tu ||||| |||| 00| 0 tur d
040 ## - KATALOGLAMA KAYNAĞI
Özgün Kataloglama Kurumu TR-AnABB
Kataloglama Dili tur
Çeviri Kurumu TR-AnABB
041 ## - DİL KODU
Metin ya da ses kaydının dil kodu tur
082 ## - DEWEY ONU SINIFLAMA SİSTEMİ
Sınıflama Numarası 920.72
Cutter numarası KIV 1998
100 1# - KİŞİ ADI
Yazar Adı (Kişi adı) Kıvanç, Halit
245 10 - ESER ADI BİLDİRİMİ
Başlık Bulutlarla yarışan kadın : Halit Kıvanç, Sabiha Gökçen'le söyleşiyor =
Alt Eseradı vb. she raced with the clouds : Halit Kıvanç interviews Sabiha Gökçen /
Sorumluluk Bildirimi Halit Kıvanç ; translated by Fred Stark
246 ## - DEĞİŞİK BAŞLIK FORMU
Başlık uygun / kısa başlık She raced with the clouds : Halit Kıvanc interviews Sabiha Gökçen
260 ## - YAYIN, DAĞITIM, VB.
Yayın Yeri İstanbul :
Yayınevi Yapı Kredi Yayınları,
Yayın Tarihi 1998
300 ## - FİZİKSEL TANIMLAMA
Sayfa, Cilt vb. 89 sayfa ;
Boyutları 18 cm
650 04 - KONU BAŞLIĞI EK GİRİŞ - KONU TERİMİ
Konusal terim veya coğrafi ad Biyografi, Sabiha Gökçen
700 1# - EK GİRİŞ - KİŞİ ADI
Yazar Adı (Kişi adı) Stark, Fred,
İlişkili Terim çeviren
9 (RLIN) 3226
942 ## - EK GİRİŞ ÖGELERİ (KOHA)
Sınıflama Kaynağı Dewey Decimal Classification
Materyal Türü Kitap
900 ## - YEREL BİLGİ
Kontrol Can ÇELIK
Mevcut
Geri Çekilme Durumu Kayıp Durumu Sınıflandırma Kaynağı Kredi için değil Kalıcı Konum Mevcut Konum Kayıt Tarih Toplam Ödünçverme Yer Numarası Demirbaş Numarası Son Görülme Tarihi Fatura Tarihi Materyal Türü
    Dewey Decimal Classification   Prof. Dr. Ruşen Keleş Kütüphanesi Prof. Dr. Ruşen Keleş Kütüphanesi 30/03/2026   920.72 KIV 1998 RK1118 30/03/2026 30/03/2026 Kitap